000
00274nam a2200097 a 4500
005
20201002052730.0
008
150709s1995 000 spa d
245
0
_a
En busca de oportunidades iguales.
260
_a
Santo Domingo, República Dominicana,
_c
1995.
999
_c
45730
_d
45730
040
_a
DO-SdBNP